| 000 | 00452nam a2200181Ia 4500 | ||
|---|---|---|---|
| 005 | 20250326144212.0 | ||
| 008 | 250326s9999 xx 000 0 und d | ||
| 037 | _aTextbook | ||
| 040 |
_aFMSL _beng _cFMSL |
||
| 041 |
_aeng _2eng |
||
| 084 | _qFMSL | ||
| 100 |
_aCaulfield G _9749236 |
||
| 245 | 0 |
_aTransport in industry _cCaulfield G |
|
| 260 |
_aLondon _bLondon, Pitman _c1951 |
||
| 300 | _a122p | ||
| 942 | _cTB | ||
| 999 |
_c1302770 _d1302770 |
||